Teorie řízení /

Hlavní autor: Umlaufová, Miloslava, 1939-
Jazyk: Čeština
Vydáno: Praha : České vysoké učení technické, 1990
Vydání: 2. přeprac. vyd.
Externí odkaz: Digitalizovaný dokument
Fyzický popis: 161 s.
Knihy
Uloženo v:
LEADER 00912nam a22002412a 4500
001 000325990
003 CZ BrMZK
005 19980103143423.0
008 980103s1990 xr f cze d
015 |a cnb000055163 
035 |a (OCoLC)39437550 
040 |a BOA001  |b cze 
080 |a 69.003  |2 MRF 
100 1 |a Umlaufová, Miloslava,  |d 1939-  |7 jn20000402454 
245 1 0 |a Teorie řízení /  |c M. Umlaufová 
250 |a 2. přeprac. vyd. 
260 |a Praha :  |b České vysoké učení technické,  |c 1990 
300 |a 161 s. 
856 4 1 |u http://www.digitalniknihovna.cz/mzk/uuid/uuid:2be00cd0-9124-11e2-9a08-005056827e52  |y Digitalizovaný dokument  |x NDK 
910 |a BOA001  |b TK-A-0243.914 
990 |a BK 
996 7 |b 2629973241  |c TK-A-0243.914  |l MZK  |r Sklad / do 24 hodin  |n 6  |w 000325990  |u 000010  |a 1  |e BOA001  |j MZK50  |s A 
996 7 |b 2629973242  |c TK-A-0243.914  |l MZK  |r Sklad / do 24 hodin  |n 6  |w 000325990  |u 000020  |a 1  |e BOA001  |j MZK50  |s A